01270nam a2200361 a 4500001001100000003000800011006001900019007001500038008004100053010001700094020001500111020002100126040002100147035002000168050002400188082001400212100002600226245006900252260004400321300001500365504006400380533015200444650001200596650002000608650002700628650002200655650002200677650002100699655002900720710001700749856012500766999001700891ebr5003279CaPaEBRm u cr cn|||||||||940324s1994 enk sb 001 0 eng  z 94011023  z0415094917 z0415094925 (pbk) aCaPaEBRcCaPaEBR a(OCoLC)7076324914aHT1523b.G33 1994eb04a305.82201 aGabriel, John,d1951-10aRacism, culture, marketsh[electronic resource] /cJohn Gabriel. aLondon ;aNew York :bRoutledge,c1994. avi, 212 p. aIncludes bibliographical references (p. 200-208) and index. aElectronic reproduction.bPalo Alto, Calif. :cebrary,d2013.nAvailable via World Wide Web.nAccess may be limited to ebrary affiliated libraries. 0aRacism. 0aRace awareness. 0aBlacksxRace identity. 0aEthnic attitudes. 0aCulture conflict. 0aPopular culture. 7aElectronic books.2local2 aebrary, Inc.40uhttp://site.ebrary.com/lib/rucke/Doc?id=5003279zAn electronic book accessible through the World Wide Web; click to view c15155d15155